00449nam a2200145Ia 4500003000900000008004100009020001800050040001600068080001300084100002000097245010700117260004800224300001400272650001700286IN-BaIIA211028s9999 xx 000 0 eng d a0-521-81306-9 cIIA Library a523bLAN aLang, Kenneth R 4aThe cambridge guide to the solar systemcKenneth R. Lang  aCambridgebCambridge University Pressc2003 axv, 452p. aSolar system